| 000 | 00834nam a2200253 4500 | ||
|---|---|---|---|
| 001 | 11351 | ||
| 003 | HDC | ||
| 007 | cr bn ---aaaaa | ||
| 008 | 210207c dr|noo 0 a eng d | ||
| 040 | _aHDC | ||
| 100 |
_aDoreen Ling _eauthor _911649 |
||
| 245 | 0 |
_aRayani Air makes inaugural KL-Kuching flight / _cby Doreen Ling |
|
| 260 |
_a[No place] : _bSarawak Tribune, _c[no year] |
||
| 336 |
_atext _2rdacontent |
||
| 337 |
_acomputer _2rdamedia |
||
| 338 |
_aonline resource _2rdacarrier |
||
| 650 |
_aAirlines _911651 |
||
| 650 |
_aFlight problems _911650 |
||
| 710 | _aSarawak Tribune | ||
| 856 | _zRequest full-text at [email protected] | ||
| 942 | _2lcc | ||
| 942 | _cNEWS | ||
| 942 | _kNWSO 002249 | ||
| 999 |
_c8674 _d8674 |
||